In Bagno In Aeroporto - Tiziano Ferro - Testo Completo - Statistics

Statistiche generali
  • Questo quiz è stato fatto 19 volte
  • Il punteggio medio è 270 su 391
Statistiche sulle risposte
Risposta % Corretto
a
100%
In
100%
in
100%
"In
100%
aeroporto
92%
bagno
92%
da-da
92%
Da-da-da
92%
da-da-da
92%
di
92%
è
92%
E
92%
È
92%
e
92%
il
92%
le
92%
un
92%
con
85%
la
85%
lo
85%
mi
85%
Mi
85%
(No,
85%
no)
85%
No,
85%
non
85%
Non
85%
tu
85%
tu"
85%
una
85%
al
77%
che
77%
Che
77%
io
77%
lui
77%
me
77%
me,
77%
quando
77%
Quando
77%
questo
77%
questo,
77%
si
77%
su,
77%
te
77%
uno,
77%
alla
69%
casa
69%
mai
69%
più
69%
po'
69%
solo
69%
son
69%
amore
62%
amore,
62%
amore:
62%
dire
62%
62%
Ti
62%
woah,
62%
Woah
62%
woah
62%
Wo-wo
62%
Wo-wo-woah
62%
bacia
54%
caso
54%
come
54%
dai,
54%
dai
54%
direi
54%
ero
54%
morto
54%
ora,
54%
ora
54%
proprio
54%
ricordo
54%
sarò
54%
tornerai
54%
tragedia
54%
tragedia,
54%
tre,
54%
vabbè,
54%
voglio
54%
col
46%
Dove?
46%
dove
46%
due,
46%
esaltante
46%
fai
46%
hai
46%
muro
46%
Parlare
46%
prenderò
46%
Quello
46%
romperti
46%
senti?
46%
sto
46%
telefono,
46%
treno
46%
amici,
38%
andare
38%
assorderai
38%
cane
38%
cena,
38%
cielo
38%
colpa
38%
Conto
38%
darei
38%
difficile,
38%
farti
38%
finta
38%
gentilmente
38%
infilarle
38%
insieme
38%
inutile
38%
niente,
38%
piangere,
38%
preferisci
38%
prego,
38%
puoi
38%
Quindi,
38%
rimaniamo
38%
rovescia
38%
scuse
38%
separarsi
38%
stiamo
38%
torto,
38%
tutto
38%
uscirò
38%
vacci
38%
venire
38%
volevo,
38%
bello,
31%
capirai
31%
colora,
31%
dici
31%
fiesta
31%
Guarda
31%
guardarmi
31%
parlando,
31%
rendi
31%
Scusa,
31%
smetti
31%
storto
31%
urlare,
31%
capito
23%
credo
23%
Nessun quiz corrispondente trovato
Distribuzione punteggi
Percentuale di utenti per punteggio
Percentile per numero di risposta
I tuoi punteggi nel tempo
Non hai fatto questo quiz